England, Scotland or Wales? — Click Quiz #3 - Statistics

General Stats
  • This quiz has been taken 385 times
  • The average score is 14 of 21
Answer Stats
Hint Answer % Correct
Harwich England
88%
Dalbeattie Scotland
88%
Bodmin England
85%
Selkirk Scotland
85%
Erskine Scotland
84%
Largs Scotland
82%
Berwick-upon-Tweed England
79%
Malvern England
78%
Rothesay Scotland
75%
Cumbernauld Scotland
74%
Stalybridge England
72%
Teignmouth England
71%
Tring England
69%
Fishguard Wales
66%
Peacehaven England
57%
Penrith England
56%
Flint Wales
56%
Lampeter Wales
55%
Maryport England
42%
Clare England
40%
Caldicot Wales
31%
No matching quizzes found
Score Distribution
Percent of People with Each Score
Percentile by Number Answered
Your Score History
You have not taken this quiz